Marketingový plán

Kvalitný marketingový plán ako predpoklad efektívneho marketingu. Tri kroky plánovacieho procesu: situačná analýza, stanovenie cieľov, marketingový program. Využitie marketingového plánu v praxi vo Veľkej Británii.

Na minha lista:
Detalhes bibliográficos
Autor principal: Veresová, Eleonóra
Formato: Capítulo de Livro
Idioma:eslovaco
Assuntos:
Tags: Adicionar Tag
Sem tags, seja o primeiro a adicionar uma tag!

MARC

LEADER 00000naa a2200000 4500
001 r045946
005 20220729111002.4
041 0 |a slo 
044 |a SK 
245 1 0 |a Marketingový plán  |c Eleonóra Veresová 
520 |a Kvalitný marketingový plán ako predpoklad efektívneho marketingu. Tri kroky plánovacieho procesu: situačná analýza, stanovenie cieľov, marketingový program. Využitie marketingového plánu v praxi vo Veľkej Británii. 
610 2 0 |a plán marketingový 
610 2 0 |a plánovanie podnikové 
610 2 0 |a ciele podnikové 
610 2 0 |a stratégia marketingová 
610 2 0 |a marketing mix 
610 2 0 |a Veľká Británia 
100 1 |a Veresová, Eleonóra